Statistics for First Country Alphabetically - By Letter

Click here to take the quiz!

General Stats

  • This quiz has been taken 2,021 times
    (1,479 since last reset)
  • The average score is 20 of 27

Answer Stats

LetterAnswer% Correct
QQatar
93%
OOman
92%
YYemen
92%
ZZambia
92%
HHaiti
87%
AAfghanistan
86%
JJamaica
85%
DDenmark
84%
VVanuatu
81%
D*Democratic Republic of the Congo
79%
FFiji
78%
LLaos
76%
BBahamas
75%
F*Federated States of Micronesia
75%
GGabon
74%
UUganda
73%
IIceland
72%
R*Republic of the Congo
71%
KKazakhstan
70%
NNamibia
70%
CCambodia
65%
PPakistan
65%
EEast Timor
60%
MMadagascar
60%
RRomania
54%
SSaint Kitts and Nevis
46%
TTaiwan
45%

Score Distribution

Percentile by Number Answered

Percent of People with Each Score

Your Score History

You have not taken this quiz since the last reset